00491nam a2200169Ia 4500003000900000008004100009020001800050040001600068080001300084100001400097245008300111260003300194300001000227650004100237650002500278700001800303IN-BaIIA211028s9999 xx 000 0 eng d a0-08-025041-6 cIIA Library a538bKRA aKrause, F 0aMean-field magnetohydrodynamics and dynamo theorycF. Krause and K. H. Radler aOxfordbPergamon Pressc1980 a271p. aAstronomy and astrophysics thesaurus aMagnetohydrodynamics aRadler, K. H.